Výkonnosť a efektívnosť firmy

Charakteristika výkonnosti firmy. Rôzne prístupy hodnotenia výkonnosti firmy. Maticová sústava finančných metrík výrobného podnikateľského subjektu.

Salvato in:
Dettagli Bibliografici
Autore principale: Jenčová, Sylvia
Altri autori: Maťovčíková, Daniela
Natura: Capitolo di libro
Lingua:slovacco
Soggetti:
Tags: Aggiungi Tag
Nessun Tag, puoi essere il primo ad aggiungerne!!

MARC

LEADER 00000nla a2200000 4500
001 0159634
005 20231121083456.3
041 0 |a slo 
044 |a SK 
245 1 0 |a Výkonnosť a efektívnosť firmy  |c Sylvia Jenčová, Daniela Maťovčíková 
520 |a Charakteristika výkonnosti firmy. Rôzne prístupy hodnotenia výkonnosti firmy. Maticová sústava finančných metrík výrobného podnikateľského subjektu. 
610 2 0 |a výkonnosť 
610 2 0 |a výkony podnikové 
610 2 0 |a efektívnosť ekonomická 
610 2 0 |a podnik 
610 2 0 |a matice 
100 1 |a Jenčová, Sylvia 
700 1 |a Maťovčíková, Daniela